| 000 | 00329nam a2200121Ia 4500 | ||
|---|---|---|---|
| 008 | 230312s9999||||xx |||||||||||||| ||und|| | ||
| 082 |
_a629-134 _bDEL-A |
||
| 100 | _aDelong;Chris | ||
| 245 | 0 | _aAS 155331/MIL-STD-1553B Digital time division command/Response | |
| 260 |
_aUK _c2001 |
||
| 650 |
_aEngineering _vAvionics |
||
| 942 | _cBK | ||
| 999 |
_c12615 _d12615 |
||